Bluetongue / (Record no. 5486)

MARC details
000 -LEADER
fixed length control field 00620 a2200205 4500
010 ## - LCCN (DPL NO)
LC control number ENG-86878
020 ## - INTERNATIONAL STANDARD BOOK NUMBER
Terms of availability 500.00
International Standard Book Number 8171640567
035 ## - SYSTEM CONTROL NUMBER
System control number EN-70411
037 ## - SOURCE OF ACQUISITION
Source of stock number/acquisition DBAD / PUB
082 14 - DEWEY DECIMAL CLASSIFICATION NUMBER
Classification number 636.0896925
100 1# - MAIN ENTRY--PERSONAL NAME
Personal name Prasad, Gaya
245 1# - TITLE STATEMENT
Title Bluetongue /
Statement of responsibility, etc by Gaya Prasad, Minakshi [and] Yashpal Singh Malik
260 ## - PUBLICATION, DISTRIBUTION, ETC. (IMPRINT)
Place of publication, distribution, etc New Delhi
Name of publisher, distributor, etc DIPA, Indian Council of Agricultural Research (ICAR)
Date of publication, distribution, etc 2007
270 ## - ADDRESS
Address ICAR
City New Delhi
300 ## - PHYSICAL DESCRIPTION
Extent ix, 162p
Dimensions 23cm (pbk)
500 ## - GENERAL NOTE
General note Includes index
700 ## - ADDED ENTRY--PERSONAL NAME
Personal name Minakshi
700 ## - ADDED ENTRY--PERSONAL NAME
Personal name Malik, Yashpal Singh
942 ## - ADDED ENTRY ELEMENTS (KOHA)
Institution code [OBSOLETE] dpl
Item type English Books
Source of classification or shelving scheme Dewey Decimal Classification
Classification part 636.0896925
Call number suffix PRA
Holdings
Withdrawn status Lost status Not for loan Collection code Home library Current library Source of acquisition Cost, normal purchase price Full call number Barcode Copy number Cost, replacement price Koha item type
    Not For Loan Non-fiction D.B.Act.Division D.B.Act.Division DBAD/PUB 500.00 636.0896925 PRA EN-70411 1 500.00 English Books

© Delhi Public Library
Hit Counter
free hit counter